00377nam a2200133 450000500170000010000410001724500500005826400300010830000180013833600220015633700240017833800240020299900170022620260530115312.01 aPaul Arthur • Romedi Pasini93295010aWayfinding • People, Signs and Architecture 1bMcGraw Hill Companyc1994 a238 páginas atexto2rdacontent asin medio2rdamedia avolumen2rdacarrier c13399d13399